It looks like you're offline.
Open Library logo
additional options menu

MARC Record from Library of Congress

Record ID marc_loc_updates/v36.i42.records.utf8:6809800:820
Source Library of Congress
Download Link /show-records/marc_loc_updates/v36.i42.records.utf8:6809800:820?format=raw

LEADER: 00820cam a22002897a 4500
001 2006277572
003 DLC
005 20081015075610.0
008 060615s2005 njua 001 0 eng d
010 $a 2006277572
015 $aGBA583847$2bnb
016 7 $a013306076$2Uk
020 $a0764576747 (cased)
020 $a9780764576744
035 $a(OCoLC)ocm61878736
040 $aUKM$cUKM$dBAKER$dDLC
042 $alccopycat
050 00 $aTX715$b.C921383 2006
082 04 $a641.5$222
100 1 $aCrocker, Betty.
245 10 $aBetty Crocker cookbook.
250 $aBridal ed.
260 $aHoboken, N.J. :$bWiley,$cc2006.
300 $axxxii, 575 p. :$bill. ;$c25 cm.
500 $aIncludes index.
650 0 $aCookery.
856 42 $3Publisher description$uhttp://www.loc.gov/catdir/enhancements/fy0653/2006277572-d.html